[Event "First Saturday IM 11/2012"]
[Site "Budapest"]
[Date "2012.11.10"]
[Round "7.3"]
[White "Aryan, Chopra"]
[Black "Liu, Guanchu"]
[Result "1/2-1/2"]
[WhiteElo "2051"]
[BlackElo "2233"]
[PlyCount "55"]
[EventDate "2012.11.03"]

1. e4 Nf6 2. e5 Nd5 3. d4 d6 4. Nf3 g6 5. Bc4 Nb6 6. Bb3 Bg7 7. O-O O-O 8. Re1
Nc6 9. exd6 Qxd6 10. c3 Bf5 11. Nh4 Bxb1 12. Rxb1 e5 13. dxe5 Qxd1 14. Rxd1
Nxe5 15. Nf3 Nxf3+ 16. gxf3 Be5 17. Be3 Kg7 18. Bxb6 axb6 19. Bd5 Bd6 20. Re1
Rfe8 21. Re3 f5 22. h3 Kf6 23. Rxe8 Rxe8 24. Kf1 Re7 25. Rd1 Kg5 26. Re1 Rxe1+
27. Kxe1 Kh4 28. Kf1 1/2-1/2

[Event "First Saturday IM 11/2012"]
[Site "Budapest"]
[Date "2012.11.10"]
[Round "7.4"]
[White "Wittmann, Walter"]
[Black "Holm, Sejer"]
[Result "1/2-1/2"]
[WhiteElo "2245"]
[BlackElo "2274"]
[PlyCount "92"]
[EventDate "2012.11.03"]

1. e4 e6 2. d4 d5 3. Nd2 dxe4 4. Nxe4 Nd7 5. Nf3 Ngf6 6. Bd3 Nxe4 7. Bxe4 Nf6
8. Bg5 h6 9. Bxf6 gxf6 10. Qe2 c6 11. O-O-O Bd7 12. d5 cxd5 13. Bxd5 Qb6 14.
Nd2 O-O-O 15. Bb3 Rg8 16. g3 Be7 17. Rhe1 Rg5 18. f4 Rf5 19. Ne4 Qc7 20. Rd2 a5
21. a3 a4 22. Ba2 Bb5 23. Rxd8+ Bxd8 24. Qe3 Kb8 25. Rd1 Be7 26. Qd4 Bc6 27.
Bc4 Bxe4 28. Qxe4 Rc5 29. Bd3 b5 30. Qh7 Bf8 31. Qg8 Qe7 32. Qg4 f5 33. Qe2 Qe8
34. c3 Kc7 35. Bc2 Bg7 36. Kb1 Qe7 37. Qf3 Rc6 38. Qe3 Qc5 39. Qxc5 Rxc5 40.
Bd3 Rd5 41. Kc2 Bf8 42. Rf1 Bd6 43. Be2 Bc5 44. Bh5 Rd7 45. h3 Kc6 46. Rf3 Bg1
1/2-1/2

[Event "First Saturday IM 11/2012"]
[Site "Budapest"]
[Date "2012.11.10"]
[Round "7.5"]
[White "Stigar, Petter"]
[Black "Szeberenyi, Adam"]
[Result "1/2-1/2"]
[WhiteElo "2290"]
[BlackElo "2347"]
[PlyCount "43"]
[EventDate "2012.11.03"]

1. Nf3 c5 2. c4 Nc6 3. Nc3 e5 4. g3 g6 5. Bg2 Bg7 6. O-O Nge7 7. a3 a5 8. Ne1
O-O 9. Nc2 d6 10. Ne3 Rb8 11. Rb1 b6 12. d3 Be6 13. Ned5 Qd7 14. Bd2 Bh3 15.
Nxe7+ Nxe7 16. Bxh3 Qxh3 17. b4 axb4 18. axb4 Qd7 19. Qa4 Qxa4 20. Nxa4 Nc6 21.
bxc5 bxc5 22. Nc3 1/2-1/2

[Event "First Saturday IM 11/2012"]
[Site "Budapest"]
[Date "2012.11.10"]
[Round "7.6"]
[White "Kislik, Erik Andrew"]
[Black "Battey, Alexander"]
[Result "1/2-1/2"]
[WhiteElo "2413"]
[BlackElo "2362"]
[PlyCount "35"]
[EventDate "2012.11.03"]

1. d4 d5 2. c4 c6 3. Nc3 Nf6 4. Nf3 dxc4 5. a4 e6 6. e3 c5 7. Bxc4 Nc6 8. O-O
cxd4 9. exd4 Be7 10. Bf4 O-O 11. Rc1 Nb4 12. Ne5 Nfd5 13. Bg3 Bg5 14. Ra1 b6
15. a5 bxa5 16. Ne4 Be7 17. Nc5 f5 18. f4 1/2-1/2

[Event "First Saturday IM 11/2012"]
[Site "Budapest"]
[Date "2012.11.11"]
[Round "8.1"]
[White "Hou, Qiang"]
[Black "Battey, Alexander"]
[Result "1-0"]
[WhiteElo "2289"]
[BlackElo "2362"]
[PlyCount "67"]
[EventDate "2012.11.03"]

1. e4 c5 2. Nf3 d6 3. d4 cxd4 4. Nxd4 Nf6 5. Nc3 g6 6. Be3 Bg7 7. f3 O-O 8. Qd2
Nc6 9. Bc4 Bd7 10. O-O-O Rc8 11. Bb3 Ne5 12. h4 h5 13. Bg5 Re8 14. Kb1 b5 15.
Ndxb5 Bxb5 16. Nxb5 Qb6 17. Qe2 Rc5 18. Nc3 Rxc3 19. bxc3 Rc8 20. Be3 Qb8 21.
Bd4 a5 22. Ka1 Nfd7 23. g4 Nc5 24. Rb1 Qc7 25. gxh5 a4 26. h6 axb3 27. hxg7
bxa2 28. Rb2 Na4 29. Rb3 Nc6 30. h5 Nxd4 31. cxd4 Kxg7 32. Rh2 Qa7 33. Qd2 Rc4
34. Rb4 1-0

[Event "First Saturday IM 11/2012"]
[Site "Budapest"]
[Date "2012.11.11"]
[Round "8.2"]
[White "Szeberenyi, Adam"]
[Black "Kislik, Erik Andrew"]
[Result "1/2-1/2"]
[WhiteElo "2347"]
[BlackElo "2413"]
[PlyCount "81"]
[EventDate "2012.11.03"]

1. d4 Nf6 2. c4 g6 3. Nc3 d5 4. Nf3 Bg7 5. Bf4 O-O 6. Rc1 dxc4 7. e4 Bg4 8.
Bxc4 Nh5 9. Be3 Bxf3 10. gxf3 e5 11. dxe5 Bxe5 12. Qxd8 Rxd8 13. O-O Nd7 14.
Rc2 Nb6 15. Bb3 Nf4 16. Ne2 Nxe2+ 17. Rxe2 Kg7 18. Kg2 Rd7 19. f4 Bd4 20. e5
Rad8 21. f5 Bxe3 22. e6 fxe6 23. fxe6 Re7 24. fxe3 c5 25. Ref2 c4 26. Bc2 Rxe6
27. Rf7+ Kg8 28. Rxb7 Rxe3 29. Rff7 Rd2+ 30. Kf1 Rxc2 31. Rg7+ Kf8 32. Rxh7 Kg8
33. Rbg7+ Kf8 34. Rxa7 Rf3+ 35. Kg1 Kg8 36. Rag7+ Kf8 37. Rb7 Kg8 38. Rbg7+ Kf8
39. Rb7 Kg8 40. Rbg7+ Kf8 41. Rb7 1/2-1/2

[Event "First Saturday IM 11/2012"]
[Site "Budapest"]
[Date "2012.11.11"]
[Round "8.3"]
[White "Holm, Sejer"]
[Black "Stigar, Petter"]
[Result "1-0"]
[WhiteElo "2274"]
[BlackElo "2290"]
[PlyCount "81"]
[EventDate "2012.11.03"]

1. d4 Nf6 2. c4 e6 3. a3 d5 4. e3 Be7 5. Nc3 O-O 6. Bd3 b6 7. Nf3 Bb7 8. cxd5
exd5 9. O-O c5 10. Ne5 Nc6 11. Qf3 Bd6 12. Nxc6 Bxc6 13. Rd1 Qc7 14. h3 c4 15.
Bc2 Rfe8 16. Bd2 b5 17. Re1 Qb7 18. Qd1 a5 19. Ne2 b4 20. axb4 axb4 21. Rxa8
Rxa8 22. f3 Re8 23. Kf2 Qb6 24. g4 Qd8 25. Rh1 Nd7 26. Kg2 Qa8 27. h4 Qa2 28.
Qc1 Qa6 29. Kf2 Bb5 30. Qe1 Qa5 31. h5 Nb6 32. g5 Na4 33. Qb1 c3 34. Bxh7+ Kh8
35. bxc3 Bxe2 36. cxb4 Qb5 37. Qf5 Nb2 38. h6 Nd3+ 39. Kg2 Nf4+ 40. exf4 Bxf3+
41. Kg3 1-0

[Event "First Saturday IM 11/2012"]
[Site "Budapest"]
[Date "2012.11.11"]
[Round "8.4"]
[White "Liu, Guanchu"]
[Black "Wittmann, Walter"]
[Result "1-0"]
[WhiteElo "2233"]
[BlackElo "2245"]
[PlyCount "77"]
[EventDate "2012.11.03"]

1. e4 c5 2. Nf3 Nc6 3. d4 cxd4 4. Nxd4 Nf6 5. Nc3 d6 6. Bg5 Bd7 7. Qd2 Rc8 8.
O-O-O Nxd4 9. Qxd4 Qa5 10. f4 h6 11. Bxf6 gxf6 12. Be2 h5 13. Kb1 Bg7 14. f5
Kf8 15. Rhf1 h4 16. Rf4 Qc5 17. Qxc5 Rxc5 18. Rd3 Re5 19. a3 Bc6 20. Rh3 e6 21.
Bf3 a5 22. fxe6 fxe6 23. Rfxh4 Rxh4 24. Rxh4 Kf7 25. Rh5 Kg6 26. Rxe5 dxe5 27.
b4 axb4 28. axb4 Bh6 29. Kb2 Be3 30. Kb3 Bg1 31. h3 Kg5 32. b5 Be8 33. Kb4 b6
34. Na4 Kf4 35. c4 f5 36. c5 fxe4 37. Bg4 bxc5+ 38. Nxc5 Bxc5+ 39. Kxc5 1-0

[Event "First Saturday IM 11/2012"]
[Site "Budapest"]
[Date "2012.11.11"]
[Round "8.5"]
[White "Massoni, Michael"]
[Black "Aryan, Chopra"]
[Result "1-0"]
[WhiteElo "2381"]
[BlackElo "2051"]
[PlyCount "99"]
[EventDate "2012.11.03"]

1. e4 c5 2. Nf3 d6 3. d4 cxd4 4. Nxd4 Nf6 5. Nc3 a6 6. Be2 e5 7. Nb3 Be7 8. O-O
O-O 9. Kh1 b6 10. Be3 Bb7 11. f3 b5 12. a4 b4 13. Nd5 Nxd5 14. exd5 Nd7 15. c4
bxc3 16. bxc3 Bg5 17. Bf2 Rc8 18. Rb1 Nf6 19. c4 Ba8 20. Qe1 Nd7 21. Qb4 Qc7
22. Rfd1 f5 23. Qe1 Rb8 24. Bd3 g6 25. Qe2 Rfd8 26. c5 Nxc5 27. Nxc5 Rxb1 28.
Bxb1 dxc5 29. Qxa6 Be7 30. Ba2 Bd6 31. Rc1 Kg7 32. Qc4 Rc8 33. Be1 Bb7 34. Bc3
Ra8 35. f4 Ba6 36. fxe5 Bxc4 37. exd6+ Kf7 38. dxc7 Bxa2 39. d6 Ke6 40. Be5 Kd7
41. Rxc5 Be6 42. h4 Ke8 43. a5 Bd7 44. Kh2 Ra7 45. Kg3 Rb7 46. a6 Rb3+ 47. Rc3
f4+ 48. Kxf4 Rb4+ 49. Kg5 Ra4 50. Rb3 1-0

[Event "First Saturday IM 11/2012"]
[Site "Budapest"]
[Date "2012.11.11"]
[Round "8.6"]
[White "Atnilov, Michael"]
[Black "Kojima, Shinya"]
[Result "0-1"]
[WhiteElo "2099"]
[BlackElo "2339"]
[PlyCount "86"]
[EventDate "2012.11.03"]

1. e4 c6 2. d4 d5 3. exd5 cxd5 4. c4 Nf6 5. Nc3 e6 6. Nf3 Bb4 7. cxd5 Nxd5 8.
Qc2 Qc7 9. Bd2 Nd7 10. Rc1 Bxc3 11. bxc3 N5f6 12. Bd3 b6 13. O-O Bb7 14. Ng5 h6
15. Ne4 O-O 16. f3 e5 17. Nxf6+ Nxf6 18. dxe5 Qxe5 19. Rfe1 Qc7 20. c4 Rfe8 21.
Bc3 Nd7 22. Bh7+ Kh8 23. Bf5 Ne5 24. Qd2 f6 25. Bb1 Qc5+ 26. Bd4 Rad8 27. Rcd1
Qf8 28. Qc2 f5 29. Kh1 Nxf3 30. gxf3 Bxf3+ 31. Kg1 Bxd1 32. Rxd1 Re4 33. Bf2
Rg4+ 34. Kf1 Rxd1+ 35. Qxd1 Rxc4 36. Bd3 Rc7 37. Qf3 Rf7 38. Bd4 Qa3 39. Qa8+
Rf8 40. Qf3 Qxa2 41. h4 Qf7 42. Qf4 Rd8 43. Qe5 Qd7 0-1